Quo vadis, Kuba?

Bibliographic Details
Main Author: Ruppeldtová, Silvia, 1977- (Author)
Format: Article
Language:Slovak
PhysicalDescription:Fotogr., obr.
ISSN:1335-468X
Subjects:

MARC

LEADER 00000nab a2200000 ar4500
001 vtls009286184
003 SK-MaSNL
005 20260304171127.0
008 180228c2008 xo wr|p|||||||000 b|slo
015 |a SNBRB2008/04  |2 snkbucl 
040 |a SNKBUCL  |b slo  |c SNKBUCL  |e AACR2 
041 0 |a slo 
044 |a xo  |c SK 
080 |a 94(729.1)  |2 2001 
080 |a 323  |x (729.1)  |2 2001 
080 |a 327  |x (73:729.1)  |2 2001 
100 1 |a Ruppeldtová, Silvia,  |d 1977-  |4 aut  |9 24196 
245 1 0 |a Quo vadis, Kuba?  |c Silvia Ruppeldtová 
300 |b Fotogr., obr. 
650 0 7 |a zahraničná politika  |z Spojené štáty americké  |x záujmy  |2 snkbucl  |9 1483554 
650 0 7 |a vnútorná politika  |2 snkbucl  |9 970 
650 0 7 |a kubánska revolúcia, 1959  |2 snkbucl  |9 553503 
651 7 |a Kuba  |2 snkbucl  |9 17345 
773 0 |t Slovo : spoločensko-politický týždenník  |g Roč. X, č. 9 (2008), s. 10-11  |x 1335-468X 
852 |a SNK  |b KIS3GCP 
958 |a CU 
958 |a US 
999 |c 2991712  |d 2993642